Perfect exposure : (Registro nro. 67612)
[ vista simple ]
| 000 -LEADER | |
|---|---|
| fixed length control field | 00957ctm a2200277 i 4500 |
| 001 - CONTROL NUMBER | |
| control field | 67612 |
| 003 - CONTROL NUMBER IDENTIFIER | |
| control field | Mx-PuUPA |
| 005 - DATE AND TIME OF LATEST TRANSACTION | |
| control field | 20220624092118.0 |
| 008 - FIXED-LENGTH DATA ELEMENTS--GENERAL INFORMATION | |
| fixed length control field | 170719s2009 xxka r 000 0 eng d |
| 020 ## - INTERNATIONAL STANDARD BOOK NUMBER | |
| International Standard Book Number | 9781781571224 |
| 040 ## - CATALOGING SOURCE | |
| Original cataloging agency | MX-PuUPA |
| Language of cataloging | spa |
| Description conventions | rda |
| Transcribing agency | Mx-PuUPA |
| Modifying agency | Mx-PuUPA |
| 041 0# - LANGUAGE CODE | |
| Language code of text/sound track or separate title | spa |
| 100 1# - MAIN ENTRY--PERSONAL NAME | |
| Personal name | Freeman, Michael, |
| Dates associated with a name | 1945- |
| Relator term | autor |
| 9 (RLIN) | 5115 |
| 245 10 - TITLE STATEMENT | |
| Title | Perfect exposure : |
| Remainder of title | the professionals guide to capturing perfect digital photographs / |
| Statement of responsibility, etc. | Michael Freeman. |
| 250 ## - EDITION STATEMENT | |
| Edition statement | First edition |
| 264 #1 - PRODUCTION, PUBLICATION, DISTRIBUTION, MANUFACTURE, AND COPYRIGHT NOTICE | |
| Place of production, publication, distribution, manufacture | United Kingdom : |
| Name of producer, publisher, distributor, manufacturer | Octopus Publishing Group, |
| Date of production, publication, distribution, manufacture, or copyright notice | 2009 |
| 300 ## - PHYSICAL DESCRIPTION | |
| Extent | 192 páginas : |
| Other physical details | ilustraciones ; |
| Dimensions | 26 cm. |
| 336 ## - CONTENT TYPE | |
| Content type term | texto |
| Fuente | rdacontent |
| Content type code | txt |
| 337 ## - MEDIA TYPE | |
| Media type term | sin medio |
| Source | rdamedia |
| Media type code | n |
| 338 ## - CARRIER TYPE | |
| Carrier type term | volumen |
| Source | rdacarrier |
| Carrier type code | nc |
| 650 #4 - SUBJECT ADDED ENTRY--TOPICAL TERM | |
| Topical term or geographic name entry element | Fotografía |
| General subdivision | Técnicas digitales |
| 650 #4 - SUBJECT ADDED ENTRY--TOPICAL TERM | |
| Topical term or geographic name entry element | Procesamiento de imágenes |
| General subdivision | Técnicas digitales |
| 650 #4 - SUBJECT ADDED ENTRY--TOPICAL TERM | |
| Topical term or geographic name entry element | Camara digital |
| 942 ## - ADDED ENTRY ELEMENTS (KOHA) | |
| Classification part | 775 |
| Item part | F849 |
| Koha item type | Libro |
| Source of classification or shelving scheme | Dewey Decimal Classification |
| Withdrawn status | Lost status | Source of classification or shelving scheme | Damaged status | Not for loan | Collection code | Home library | Current library | Shelving location | Date acquired | Source of acquisition | Total Checkouts | Full call number | Barcode | Checked out | Date last seen | Date last checked out | Price effective from | Koha item type |
|---|---|---|---|---|---|---|---|---|---|---|---|---|---|---|---|---|---|---|
| Dewey Decimal Classification | Magisterial | Biblioteca Karol Wojtyla | Biblioteca Karol Wojtyla | Módulo de circulación | 19/07/2017 | Compra | 1 | 775 F849 2009 | 98123 | 02/08/2017 | 02/08/2017 | 02/08/2017 | 21/07/2017 | Magisterial |